[Event "Summer Classic"]
[Site "Burlington USA"]
[Date "1978.08.19"]
[Round "2"]
[White "Brodie, Hugh"]
[Black "McGrath, Bill"]
[Result "1-0"]
[WhiteElo "1825"]
[BlackElo "1748"]
[PlyCount "131"]
[EventDate "1978.08.19"]
[EventType "swiss"]
[EventRounds "4"]
[EventCountry "USA"]

1. Nc3 d5 2. d4 c6 3. e4 dxe4 4. Nxe4 Nd7 5. Bc4 Ngf6 6. Ng5 e6 7. Ne2 h6 8.
Nf3 Bd6 9. O-O Qc7 10. Ng3 O-O 11. Re1 b5 12. Bd3 Bb7 13. Qe2 a6 14. Ne5 c5 15.
Nxd7 Qxd7 16. dxc5 Bxc5 17. Nh5 Nxh5 18. Qxh5 Qd5 19. Qh3 f5 20. Bf4 Rf6 21.
Rad1 Qc6 22. Bf1 g5 23. Be5 Rg6 24. Qd3 Qb6 25. Re2 h5 26. Red2 Bd5 27. Bd4
Bxd4 28. Qxd4 Qxd4 29. Rxd4 Rc8 30. c3 Rg7 31. Bd3 Rgc7 32. Bxf5 Bxa2 33. Bg6
e5 34. Rd6 Bb3 35. Ra1 b4 36. Raxa6 bxc3 37. bxc3 Rxc3 38. h3 h4 39. Bf5 Rc1+
40. Kh2 R8c7 41. Rg6+ Kf8 42. Rxg5 Rf1 43. Rh6 Rxf2 44. Rxh4 Rf7 45. Be4 R7f4
46. Rxf4+ exf4 47. Rf5+ Ke7 48. Bf3 Ke6 49. Rxf4 Ke5 50. Rb4 Bf7 51. Kg3 Rd2
52. Rb5+ Kf6 53. h4 Rd6 54. Kh3 Be6+ 55. Bg4 Rd3+ 56. g3 Bf7 57. Rb6+ Kg7 58.
Bf5 Rd2 59. g4 Bd5 60. Kg3 Rg2+ 61. Kf4 Rh2 62. Kg5 Bf3 63. h5 Re2 64. h6+ Kf7
65. Bg6+ Kf8 66. Rf6+ 1-0

[Event "Summer Classic"]
[Site "Burlington USA"]
[Date "1978.08.20"]
[Round "3"]
[White "Lyons, D."]
[Black "Brodie, Hugh"]
[Result "0-1"]
[WhiteElo "1525"]
[BlackElo "1825"]
[PlyCount "52"]
[EventDate "1978.08.19"]
[EventType "swiss"]
[EventRounds "4"]
[EventCountry "USA"]

1. e4 c5 2. d3 g6 3. g3 Bg7 4. Bg2 d6 5. c3 Nc6 6. Nf3 e5 7. Nbd2 Nge7 8. O-O
O-O 9. a4 h6 10. Nc4 f5 11. Bd2 f4 12. Qb3 Kh7 13. gxf4 exf4 14. h4 Be6 15.
Rae1 Qd7 16. Kh2 Ne5 17. Ncxe5 dxe5 18. Qc2 Rad8 19. Rh1 Qxd3 20. Qxd3 Rxd3 21.
Rd1 Rfd8 22. Rhg1 Bb3 23. Kh1 Bxd1 24. Rxd1 Nc6 25. Kh2 Na5 26. Bf1 R3d6 0-1

[Event "Summer Classic"]
[Site "Burlington USA"]
[Date "1978.08.20"]
[Round "4"]
[White "Stevenson, Kyle"]
[Black "Brodie, Hugh"]
[Result "0-1"]
[WhiteElo "1906"]
[BlackElo "1825"]
[PlyCount "76"]
[EventDate "1978.08.19"]
[EventType "swiss"]
[EventRounds "4"]
[EventCountry "USA"]

1. e4 c5 2. Nf3 Nc6 3. Bb5 g6 4. O-O Bg7 5. c3 Nf6 6. Re1 O-O 7. d4 cxd4 8.
cxd4 d6 9. Nc3 Bg4 10. Be3 a6 11. Bxc6 bxc6 12. h3 Bxf3 13. Qxf3 Rc8 14. Rad1
Qc7 15. Bg5 h6 16. Bh4 g5 17. Bg3 Nd7 18. Qd3 Rb8 19. Re2 a5 20. f4 Rb4 21. Qe3
Qb6 22. e5 gxf4 23. Bxf4 dxe5 24. Bxh6 Bxh6 25. Qxh6 Rxd4 26. Qg5+ Kh7 27. Rxd4
Qxd4+ 28. Kh1 Nf6 29. Qxe5 c5 30. Qxe7 Kg7 31. Qe5 Re8 32. Qg5+ Kh7 33. Rxe8
Nxe8 34. Qd5 Nd6 35. Qh5+ Kg7 36. Nd5 Ne4 37. Qg4+ Kf8 38. Qf5 Ng3+ 0-1

[Event "Quebec op"]
[Site "Montreal CAN"]
[Date "1978.07.23"]
[Round "2"]
[White "Lorenz, Gabor"]
[Black "Brodie, Hugh"]
[Result "1-0"]
[WhiteElo "2014"]
[BlackElo "1757"]
[PlyCount "61"]
[EventDate "1978.07.22"]
[EventType "swiss"]
[EventRounds "8"]
[EventCountry "CAN"]

1. e4 c5 2. Nf3 Nc6 3. d4 cxd4 4. Nxd4 g6 5. c4 Bg7 6. Be3 Nf6 7. Nc3 Ng4 8.
Qxg4 Nxd4 9. Qd1 Ne6 10. Qd2 d6 11. Bd3 b6 12. O-O Ba6 13. Bh6 O-O 14. b3 Rc8
15. Rac1 Nc5 16. Bb1 Bb7 17. Bxg7 Kxg7 18. f4 Nd7 19. f5 Ne5 20. Nd5 Bxd5 21.
exd5 f6 22. h4 Qe8 23. Rc3 Rg8 24. Rg3 Kf7 25. Qh6 Rg7 26. fxg6+ hxg6 27. Bf5
Kg8 28. Be6+ Nf7 29. Rxg6 Rxg6 30. Qxg6+ Kf8 31. Rf3 1-0

[Event "Quebec op"]
[Site "Montreal CAN"]
[Date "1978.07.24"]
[Round "3"]
[White "Brodie, Hugh"]
[Black "Saad, Rifki"]
[Result "1/2-1/2"]
[WhiteElo "1757"]
[BlackElo "1850"]
[PlyCount "93"]
[EventDate "1978.07.22"]
[EventType "swiss"]
[EventRounds "8"]
[EventCountry "CAN"]

1. Nc3 d5 2. d4 Nf6 3. e4 dxe4 4. f3 exf3 5. Nxf3 e6 6. Bc4 c6 7. O-O b5 8. Bd3
a6 9. Bg5 Be7 10. Ne2 c5 11. dxc5 Bxc5+ 12. Kh1 Bb7 13. Qe1 Nbd7 14. Qh4 Qc7
15. a3 Qc6 16. Rae1 Ne5 17. Nf4 Nxf3 18. Rxf3 Be7 19. Nh5 Nxh5 20. Bxe7 g6 21.
Bb4 Qc7 22. Rfe3 Bd5 23. Qg5 Qd8 24. Qe5 f6 25. Qc3 Kf7 26. Be4 Rc8 27. Qd3
Bxe4 28. Qxe4 Re8 29. Qb7+ Rc7 30. Qxa6 Nf4 31. Qd6 Rc4 32. Qxd8 Rxd8 33. g3
Nd5 34. Rxe6 Rxc2 35. Bc3 Rd7 36. R6e2 Rxe2 37. Rxe2 h5 38. Kg2 h4 39. Kf3 hxg3
40. hxg3 Nc7 41. Re3 Ne6 42. Ke2 f5 43. Re5 Rb7 44. Kf3 Ng5+ 45. Kf4 Ne6+ 46.
Kf3 Ng5+ 47. Kf4 1/2-1/2

[Event "Quebec op"]
[Site "Montreal CAN"]
[Date "1978.07.25"]
[Round "4"]
[White "Popov, Theodore"]
[Black "Brodie, Hugh"]
[Result "1-0"]
[WhiteElo "1631"]
[BlackElo "1757"]
[PlyCount "109"]
[EventDate "1978.07.22"]
[EventType "swiss"]
[EventRounds "8"]
[EventCountry "CAN"]

1. e4 c5 2. g3 g6 3. Bg2 Bg7 4. Ne2 d6 5. c3 Nc6 6. d4 Qc7 7. O-O e5 8. d5 Nce7
9. f4 f5 10. fxe5 Bxe5 11. Bf4 Bxf4 12. Nxf4 fxe4 13. Qa4+ Bd7 14. Ne6 Bxa4 15.
Nxc7+ Kd7 16. Nxa8 Nh6 17. b3 Bb5 18. c4 Ba6 19. Bxe4 Rxa8 20. Nd2 Re8 21. a4
b6 22. Rae1 Bc8 23. Bg2 Nef5 24. Ne4 Re7 25. Nf6+ Kd8 26. Rxe7 Kxe7 27. Nxh7
Nd4 28. Be4 Bh3 29. Re1 Kd8 30. Ng5 Bf5 31. Bxf5 Nhxf5 32. Rb1 Ke7 33. Kf2 Kf6
34. Nf3 Nxf3 35. Kxf3 Ke5 36. g4 Nd4+ 37. Kf2 Kf4 38. h3 g5 39. b4 cxb4 40.
Rxb4 Nc2 41. Rb2 Nd4 42. Ra2 Ke4 43. a5 b5 44. cxb5 Nxb5 45. Rb2 Nd4 46. Rb7 a6
47. Rb6 Kxd5 48. Rxa6 Kc5 49. Ra8 Kc6 50. Rg8 Ne6 51. Rg6 Nc5 52. Ke3 Kb5 53.
Rxg5 Kxa5 54. Rxc5+ dxc5 55. Kd3 1-0

[Event "Quebec op"]
[Site "Montreal CAN"]
[Date "1978.07.26"]
[Round "5"]
[White "Brodie, Hugh"]
[Black "Gladu, Pierre"]
[Result "1/2-1/2"]
[WhiteElo "1757"]
[BlackElo "1570"]
[PlyCount "56"]
[EventDate "1978.07.22"]
[EventType "swiss"]
[EventRounds "8"]
[EventCountry "CAN"]

1. e4 e5 2. Nc3 Nc6 3. Bc4 Nf6 4. d3 Bc5 5. Nf3 d6 6. h3 h6 7. Na4 Bb6 8. Nxb6
axb6 9. Be3 Na5 10. Bb3 Nxb3 11. axb3 Be6 12. O-O O-O 13. Qe2 Qe7 14. Nd2 Nd7
15. Qh5 Nf6 16. Qh4 Qd8 17. f4 exf4 18. Rxa8 Qxa8 19. Bxf4 Nh7 20. Be3 f5 21.
Bd4 fxe4 22. Qxe4 Rxf1+ 23. Kxf1 Ng5 24. Qe3 Qf8+ 25. Kg1 Bd7 26. Qg3 Ne6 27.
Be3 Qf6 28. c3 Nc5 1/2-1/2

[Event "Quebec op"]
[Site "Montreal CAN"]
[Date "1978.07.27"]
[Round "6"]
[White "Brodie, Hugh"]
[Black "Keesal, Sheldon"]
[Result "1-0"]
[WhiteElo "1757"]
[BlackElo "1603"]
[PlyCount "48"]
[EventDate "1978.07.22"]
[EventType "swiss"]
[EventRounds "8"]
[EventCountry "CAN"]

1. e4 e6 2. d3 d5 3. Nd2 c5 4. Ngf3 Nc6 5. g3 Nf6 6. Bg2 Be7 7. O-O O-O 8. e5
Nd7 9. Re1 Qc7 10. Qe2 Nd4 11. Nxd4 cxd4 12. Nb3 Qb6 13. Qg4 f6 14. exf6 Nxf6
15. Qxd4 Qc6 16. c3 Bd8 17. h3 Bb6 18. Qh4 Ne4 19. Rxe4 Bxf2+ 20. Kh2 dxe4 21.
Bxe4 Qd6 22. Qxh7+ Kf7 23. Bf4 e5 24. Bg5 Be6 1-0

[Event "Quebec op"]
[Site "Montreal CAN"]
[Date "1978.07.28"]
[Round "7"]
[White "Billyard, Ron"]
[Black "Brodie, Hugh"]
[Result "1-0"]
[WhiteElo "1933"]
[BlackElo "1757"]
[PlyCount "43"]
[EventDate "1978.07.22"]
[EventType "swiss"]
[EventRounds "8"]
[EventCountry "CAN"]

1. e4 c5 2. Nf3 Nc6 3. d4 cxd4 4. Nxd4 g6 5. Nxc6 bxc6 6. Qd4 Nf6 7. e5 Ng8 8.
Bc4 Bg7 9. O-O d5 10. Bd3 e6 11. Be3 Ne7 12. Nd2 Qc7 13. f4 Nf5 14. Bxf5 gxf5
15. c4 Ba6 16. Rfc1 Qe7 17. cxd5 exd5 18. Rxc6 Bb7 19. Qc5 Qxc5 20. Rxc5 Kd7
21. Bd4 Ke6 22. Rc7 1-0

[Event "Quebec op"]
[Site "Montreal CAN"]
[Date "1978.07.29"]
[Round "8"]
[White "Brodie, Hugh"]
[Black "Newman, Doug"]
[Result "1-0"]
[WhiteElo "1757"]
[BlackElo "1700"]
[PlyCount "77"]
[EventDate "1978.07.22"]
[EventType "swiss"]
[EventRounds "8"]
[EventCountry "CAN"]

1. e4 e5 2. Nc3 Nf6 3. f4 d5 4. fxe5 Nxe4 5. d3 Nxc3 6. bxc3 c5 7. Nf3 Be7 8.
Be2 Nc6 9. O-O O-O 10. Bf4 Bf5 11. Qd2 Rc8 12. Rab1 b6 13. h3 d4 14. c4 Nb4 15.
Nh2 a6 16. Rb2 b5 17. cxb5 axb5 18. a3 c4 19. dxc4 d3 20. cxd3 Nxd3 21. Rxb5
Bxa3 22. Rd5 Qh4 23. Bxd3 Be6 24. Bg5 Qh5 25. g4 Qxh3 26. Rf3 Qxf3 27. Nxf3
Bxd5 28. cxd5 Bc1 29. Qh2 h6 30. Bxc1 Rxc1+ 31. Kf2 Ra8 32. Ke3 Rc3 33. Qb2
Rca3 34. d6 Ra2 35. Qb7 R2a7 36. Qe4 g6 37. Qf4 Kh7 38. Qf6 Kg8 39. Nh4 1-0

[Event "Quebec op"]
[Site "Montreal CAN"]
[Date "1978.07.30"]
[Round "9"]
[White "Barbeau, Sylvain"]
[Black "Brodie, Hugh"]
[Result "1-0"]
[WhiteElo "2100"]
[BlackElo "1757"]
[PlyCount "87"]
[EventDate "1978.07.22"]
[EventType "swiss"]
[EventRounds "8"]
[EventCountry "CAN"]

1. Nf3 d6 2. d4 g6 3. c4 Bg7 4. Nc3 Nf6 5. e4 O-O 6. Be2 c5 7. O-O Bg4 8. dxc5
dxc5 9. e5 Qxd1 10. Rxd1 Ne8 11. h3 Bc8 12. Bf4 Nc7 13. Nd5 Nxd5 14. cxd5 b6
15. Bd3 Bb7 16. Bc4 Nd7 17. Rd2 a6 18. a4 Rac8 19. Rad1 Rfe8 20. Re2 Rcd8 21.
Ng5 Nf8 22. Nxf7 Kxf7 23. e6+ Kg8 24. Bc7 Rc8 25. Bxb6 Bf6 26. d6 exd6 27. e7+
Kg7 28. exf8=Q+ Kxf8 29. Rxd6 Rc6 30. Rxc6 Bxc6 31. Bxc5+ Be7 32. Bxe7+ Rxe7
33. Rxe7 Kxe7 34. Bxa6 Bxa4 35. Bc4 Kd6 36. f4 Kc5 37. b3 Bc6 38. Kf2 Kd4 39.
g4 h6 40. Kg3 Be4 41. Be6 Bd3 42. h4 Ke3 43. f5 gxf5 44. gxf5 1-0

[Event "CAN-op"]
[Site "Hamilton CAN"]
[Date "1978.07.03"]
[Round "1"]
[White "Brodie, Hugh"]
[Black "Byer, L."]
[Result "1/2-1/2"]
[WhiteElo "1757"]
[BlackElo "1750"]
[PlyCount "58"]
[EventDate "1978.07.03"]
[EventType "swiss"]
[EventRounds "11"]
[EventCountry "CAN"]

1. e4 c5 2. Nf3 Nf6 3. Nc3 d6 4. d3 g6 5. g3 Bg7 6. Bg2 O-O 7. O-O Nc6 8. Nh4
Rb8 9. f4 Bg4 10. Qd2 Bd7 11. h3 b5 12. f5 e6 13. fxe6 Bxe6 14. Qf2 Nh5 15. Nf3
Nd4 16. g4 b4 17. Nd1 Ng3 18. Re1 h5 19. Bf4 hxg4 20. hxg4 Nge2+ 21. Rxe2 Nxe2+
22. Qxe2 Bxg4 23. Qf2 Qd7 24. Qh4 Bh5 25. Bh3 Qd8 26. Qg3 Rb6 27. Bg4 Bxg4 28.
Qxg4 f5 29. exf5 gxf5 1/2-1/2

[Event "CAN-op"]
[Site "Hamilton CAN"]
[Date "1978.07.04"]
[Round "2"]
[White "Baragar, Fletcher"]
[Black "Brodie, Hugh"]
[Result "1-0"]
[WhiteElo "2050"]
[BlackElo "2048"]
[PlyCount "113"]
[EventDate "1978.07.03"]
[EventType "swiss"]
[EventRounds "11"]
[EventCountry "CAN"]

1. d4 Nf6 2. c4 e5 3. dxe5 Ng4 4. Bf4 Nc6 5. Nf3 Bb4+ 6. Nc3 Qe7 7. Qd5 f6 8.
exf6 Nxf6 9. Qd1 d6 10. Bd2 O-O 11. e3 Bf5 12. Nd5 Bxd2+ 13. Qxd2 Qd7 14. Nxf6+
Rxf6 15. Be2 Raf8 16. Nd4 Nxd4 17. Qxd4 b6 18. O-O Kh8 19. Rae1 Qf7 20. f4 Qg6
21. Rf3 Re8 22. Rg3 Qf7 23. Bf3 Be6 24. b3 a5 25. Kf2 Rh6 26. h3 Rf6 27. Bg4
Bxg4 28. hxg4 Rfe6 29. g5 Re4 30. Qd5 Qe7 31. Qd1 g6 32. Rh3 Qd7 33. Reh1 R8e7
34. Qd5 R4e6 35. Qd4+ Kg8 36. Rh6 Rg7 37. R1h3 Qf7 38. Qd5 Re7 39. Qxf7+ Rgxf7
40. Rh1 Rd7 41. Rd1 Rf5 42. Rd5 Rxd5 43. cxd5 c6 44. dxc6 Rc7 45. Ke2 Rxc6 46.
Kd2 Kg7 47. Rh1 d5 48. Rc1 Rc5 49. Rxc5 bxc5 50. a3 Kf7 51. b4 cxb4 52. axb4
axb4 53. Kc2 Ke6 54. g4 Kd6 55. Kb3 d4 56. exd4 Kd5 57. f5 1-0

[Event "CAN-op"]
[Site "Hamilton CAN"]
[Date "1978.07.05"]
[Round "3"]
[White "Brodie, Hugh"]
[Black "Hynes, Wayne"]
[Result "0-1"]
[WhiteElo "1757"]
[BlackElo "1652"]
[PlyCount "65"]
[EventDate "1978.07.03"]
[EventType "swiss"]
[EventRounds "11"]
[EventCountry "CAN"]

1. f4 d5 2. e3 Nf6 3. b3 c5 4. Nf3 Nc6 5. Bb2 e6 6. Bb5 Be7 7. O-O O-O 8. Bxc6
bxc6 9. d3 Qb6 10. Qe1 Rd8 11. Nbd2 Ba6 12. Ne5 Nd7 13. Nxd7 Rxd7 14. f5 exf5
15. Rxf5 Qc7 16. Nf3 g6 17. Rf4 f5 18. g3 Rf8 19. Ne5 Rdd8 20. Rf2 Bf6 21. d4
Rfe8 22. Nf3 cxd4 23. Bxd4 Bxd4 24. Nxd4 c5 25. Qc3 Qd6 26. Nf3 Rd7 27. Ne1
Rde7 28. Ng2 Bb7 29. Rd1 Qc6 30. Qd2 Re4 31. Rf4 d4 32. exd4 Re2 33. d5 0-1

[Event "CAN-op"]
[Site "Hamilton CAN"]
[Date "1978.07.06"]
[Round "4"]
[White "Caric, Mato"]
[Black "Brodie, Hugh"]
[Result "0-1"]
[WhiteElo "1600"]
[BlackElo "1757"]
[PlyCount "126"]
[EventDate "1978.07.03"]
[EventType "swiss"]
[EventRounds "11"]
[EventCountry "CAN"]

1. d4 Nf6 2. d5 g6 3. c4 Bg7 4. Nc3 d6 5. e4 O-O 6. Bd3 e5 7. h3 Ne8 8. g4 Nd7
9. g5 f5 10. h4 Nc5 11. Bc2 fxe4 12. Nxe4 Nxe4 13. Bxe4 Bf5 14. Qc2 Qd7 15. Be3
c6 16. Ne2 Nc7 17. Bxf5 gxf5 18. dxc6 bxc6 19. h5 d5 20. h6 Bh8 21. Bc5 Rf7 22.
Rg1 Ne6 23. Ba3 d4 24. O-O-O e4 25. Ng3 Be5 26. Nxe4 fxe4 27. Qxe4 Bf4+ 28. Kb1
Re8 29. g6 Rf6 30. gxh7+ Kh8 31. Rg8+ Rxg8 32. hxg8=Q+ Kxg8 33. Rg1+ Kh8 34. b3
Qh7 35. Qxh7+ Kxh7 36. c5 Bxh6 37. Bc1 Bxc1 38. Rxc1 Rxf2 39. b4 Kg6 40. a4 a6
41. b5 axb5 42. a5 Kf5 43. a6 Ke4 44. Re1+ Kd5 45. Rh1 Rf8 46. Rh7 Ra8 47. Rd7+
Kxc5 48. a7 Kb6 49. Rd6 Nc7 50. Rxd4 Rxa7 51. Rh4 Ra4 52. Rh5 Rg4 53. Rh6 Rg2
54. Ka1 Na6 55. Rf6 b4 56. Rh6 Kb5 57. Rh5+ c5 58. Rf5 b3 59. Rf3 Kb4 60. Kb1
c4 61. Rh3 c3 62. Rh1 Ka3 63. Rc1 c2+ 0-1

[Event "CAN-op"]
[Site "Hamilton CAN"]
[Date "1978.07.07"]
[Round "5"]
[White "Hawkes, Rob"]
[Black "Brodie, Hugh"]
[Result "1-0"]
[WhiteElo "1742"]
[BlackElo "1757"]
[PlyCount "101"]
[EventDate "1978.07.03"]
[EventType "swiss"]
[EventRounds "11"]
[EventCountry "CAN"]

1. c4 e5 2. Nc3 Nc6 3. g3 g6 4. Bg2 Bg7 5. d3 d6 6. f4 Nge7 7. Nf3 O-O 8. O-O
Bd7 9. Rb1 Qc8 10. fxe5 Nxe5 11. Re1 Bg4 12. Ne4 N7c6 13. Nf2 Nxf3+ 14. exf3
Bf5 15. Bd2 Re8 16. Bc3 Nd4 17. f4 c6 18. Qd2 Qd7 19. Kh1 d5 20. Rbd1 h5 21. b3
Ne6 22. Bxg7 Kxg7 23. cxd5 cxd5 24. h3 Nc7 25. Rc1 f6 26. g4 hxg4 27. hxg4 Be6
28. g5 Rac8 29. Qc3 Qf7 30. Qb2 Nb5 31. Rxc8 Rxc8 32. gxf6+ Kf8 33. a4 Nc7 34.
Qe5 Re8 35. Rc1 Na6 36. b4 Qd7 37. b5 Nb8 38. Rc7 Bg8 39. Rxd7 Rxe5 40. Rxb7
Re8 41. Rxa7 Be6 42. Kh2 Nd7 43. Bxd5 Bxd5 44. Rxd7 Bb3 45. a5 Ra8 46. a6 Ba4
47. Rb7 Bxb5 48. Rxb5 Rxa6 49. Ne4 Ra3 50. Ng5 Ra8 51. Rb7 1-0

[Event "CAN-op"]
[Site "Hamilton CAN"]
[Date "1978.07.09"]
[Round "6"]
[White "Brodie, Hugh"]
[Black "Keep, Richard"]
[Result "1-0"]
[WhiteElo "1757"]
[BlackElo "1586"]
[PlyCount "60"]
[EventDate "1978.07.03"]
[EventType "swiss"]
[EventRounds "11"]
[EventCountry "CAN"]

1. Nf3 Nf6 2. g3 d5 3. c4 e6 4. b3 c5 5. Bg2 Nc6 6. O-O Bd6 7. d3 O-O 8. Re1
Rb8 9. Na3 a6 10. d4 Qa5 11. cxd5 exd5 12. dxc5 Qxc5 13. Bb2 Ng4 14. e3 Be6 15.
Nc2 Rbc8 16. Ba3 Nb4 17. Bxb4 Qb6 18. Bxd6 Qxd6 19. Ncd4 Rc7 20. Qd2 Bd7 21.
Rac1 Bc6 22. Rc2 Nf6 23. Rec1 Ne4 24. Qa5 f5 25. Nxc6 bxc6 26. Qxa6 Rfc8 27.
Nd4 f4 28. Rxc6 Rxc6 29. Rxc6 Rxc6 30. Qxc6 Qf8 1-0

[Event "CAN-op"]
[Site "Hamilton CAN"]
[Date "1978.07.10"]
[Round "7"]
[White "Day, Angela"]
[Black "Brodie, Hugh"]
[Result "0-1"]
[WhiteElo "1568"]
[BlackElo "1757"]
[PlyCount "82"]
[EventDate "1978.07.03"]
[EventType "swiss"]
[EventRounds "11"]
[EventCountry "CAN"]

1. e4 c5 2. d3 d6 3. g3 g6 4. Bg2 Bg7 5. f4 Nc6 6. Nf3 f5 7. O-O Nf6 8. Re1 O-O
9. Nbd2 Qc7 10. c3 Bd7 11. Qb3+ Kh8 12. Ng5 Nd8 13. e5 dxe5 14. Rxe5 Ng8 15.
Re1 e5 16. fxe5 Bxe5 17. Ndf3 Bd6 18. Qc4 Rc8 19. Nxh7 Kxh7 20. Qh4+ Kg7 21.
Ng5 Nf6 22. Nh7 Nxh7 23. Bh6+ Kh8 24. Bxf8 Bxf8 25. Re3 Bc6 26. Bxc6 Nxc6 27.
Rae1 Qf7 28. Qh3 Rd8 29. a3 Be7 30. g4 f4 31. Rf1 Kg7 32. Re4 g5 33. Qf3 Nf6
34. Re2 Qd5 35. Qxd5 Rxd5 36. Rfe1 Kf7 37. h3 Rxd3 38. Kf2 Rxh3 39. c4 Rh2+ 40.
Kg1 Rxe2 41. Rxe2 Nxg4 0-1

[Event "CAN-op"]
[Site "Hamilton CAN"]
[Date "1978.07.11"]
[Round "8"]
[White "Brodie, Hugh"]
[Black "Greemar, E."]
[Result "1/2-1/2"]
[WhiteElo "1757"]
[BlackElo "2006"]
[PlyCount "127"]
[EventDate "1978.07.03"]
[EventType "swiss"]
[EventRounds "11"]
[EventCountry "CAN"]

1. e4 c5 2. Nf3 d6 3. Nc3 g6 4. d3 Bg7 5. g3 Nc6 6. Bg2 Nf6 7. O-O Bg4 8. h3
Bd7 9. Nh4 a6 10. f4 Nh5 11. Kh2 e6 12. Be3 Qe7 13. Qd2 h6 14. Nf3 Nd4 15. Nd1
Bc6 16. c3 Nxf3+ 17. Bxf3 f5 18. exf5 Bxf3 19. f6 Nxf6 20. Rxf3 h5 21. d4 c4
22. Nf2 b5 23. Qc2 Kf7 24. Ne4 Nxe4 25. Qxe4 d5 26. Qc2 Qf6 27. Kg2 Bf8 28.
Raf1 Qf5 29. Qxf5+ gxf5 30. R3f2 Rg8 31. Kf3 Bd6 32. Rg2 Rg6 33. g4 hxg4+ 34.
hxg4 fxg4+ 35. Rxg4 Rxg4 36. Kxg4 Rg8+ 37. Kf3 Rh8 38. Rg1 Rh2 39. Rg2 Rxg2 40.
Kxg2 Kf6 41. Bd2 a5 42. a3 Ke7 43. Kf3 Kf7 44. Kg4 Kg6 45. Be1 Kf6 46. Bh4+ Kf7
47. Be1 Ke7 48. Bd2 Kd7 49. Kf3 Kc6 50. Ke2 b4 51. axb4 axb4 52. Kd1 Kb5 53.
Kc2 Ka4 54. Bc1 Kb5 55. Bd2 Kc6 56. Kd1 Kd7 57. Ke2 b3 58. Kf3 Ke7 59. Kg4 Kf6
60. Be3 Be7 61. Bd2 Bf8 62. Be3 Bd6 63. Bd2 Ba3 64. Bc1 1/2-1/2

[Event "CAN-op"]
[Site "Hamilton CAN"]
[Date "1978.07.12"]
[Round "9"]
[White "Glen, Graham"]
[Black "Brodie, Hugh"]
[Result "1-0"]
[WhiteElo "1979"]
[BlackElo "1757"]
[PlyCount "63"]
[EventDate "1978.07.03"]
[EventType "swiss"]
[EventRounds "11"]
[EventCountry "CAN"]

1. d4 Nf6 2. c4 e6 3. Nc3 c5 4. d5 exd5 5. cxd5 d6 6. e4 g6 7. Nf3 Bg7 8. Be2
O-O 9. O-O Na6 10. Re1 Nc7 11. a4 b6 12. h3 Ba6 13. Bf4 Bxe2 14. Rxe2 Nfe8 15.
e5 Na6 16. Qd2 Nb4 17. Rd1 dxe5 18. Nxe5 Nd6 19. b3 Rc8 20. Nc4 Nf5 21. Nb5 Qd7
22. d6 Bf6 23. Be5 Bxe5 24. Nxe5 Qb7 25. d7 Rcd8 26. Nd6 Nxd6 27. Qxd6 Kg7 28.
Ng4 Qc6 29. Qe5+ f6 30. Qe7+ Kh8 31. Re6 Nd5 32. Qxf8+ 1-0

[Event "CAN-op"]
[Site "Hamilton CAN"]
[Date "1978.07.13"]
[Round "10"]
[White "Brodie, Hugh"]
[Black "Marlowe, Ed"]
[Result "1-0"]
[WhiteElo "1757"]
[BlackElo "1951"]
[PlyCount "53"]
[EventDate "1978.07.03"]
[EventType "swiss"]
[EventRounds "11"]
[EventCountry "CAN"]

1. e4 c6 2. d3 d5 3. Nd2 e5 4. Ngf3 Qc7 5. g3 Nf6 6. Bg2 Bg4 7. O-O Nbd7 8. Re1
Bd6 9. c3 O-O 10. Qc2 dxe4 11. Nxe4 Nxe4 12. dxe4 Nc5 13. Be3 Rae8 14. Rad1 Kh8
15. h3 Bh5 16. g4 Bg6 17. Nh4 Ne6 18. Rd2 Bc5 19. Bxc5 Nxc5 20. Red1 Rd8 21.
Nxg6+ hxg6 22. Bf1 Ne6 23. Kh2 Nf4 24. Qa4 Qb6 25. Qa3 Kh7 26. Qe7 Rfe8 27.
Qh4+ 1-0

[Event "CAN-op"]
[Site "Hamilton CAN"]
[Date "1978.07.14"]
[Round "11"]
[White "Brodie, Hugh"]
[Black "Van Leusden, Jacques"]
[Result "0-1"]
[WhiteElo "1757"]
[BlackElo "1960"]
[PlyCount "88"]
[EventDate "1978.07.03"]
[EventType "swiss"]
[EventRounds "11"]
[EventCountry "CAN"]

1. Nf3 d5 2. c4 c6 3. b3 Bg4 4. Bb2 Nd7 5. d3 Ngf6 6. Nbd2 e6 7. g3 Bc5 8. Bg2
O-O 9. O-O Qe7 10. a3 a5 11. Qc2 h6 12. Rfe1 e5 13. e4 d4 14. Nh4 Nh5 15. Nf1
Qf6 16. h3 Be6 17. Qe2 g6 18. Bc1 Kh7 19. Nh2 Bd6 20. Ng4 Bxg4 21. Qxg4 Nc5 22.
Qd1 Ng7 23. Rb1 g5 24. Nf5 Nxf5 25. exf5 Kg7 26. g4 e4 27. Bxe4 Qe5 28. f4 gxf4
29. Bxc6 Qf6 30. Bg2 Rfe8 31. Rf1 Re7 32. b4 axb4 33. axb4 Na4 34. Bd2 Re3 35.
Rf3 Nc3 36. Bxc3 dxc3 37. d4 Rae8 38. Rxe3 Rxe3 39. Bxb7 c2 40. Qxc2 Qxd4 41.
Kg2 Rg3+ 42. Kh1 Rxh3+ 43. Kg2 Rg3+ 44. Kh1 f3 0-1

[Event "Golden State Class ch"]
[Site "Los Angeles USA"]
[Date "1978.05.27"]
[Round "1"]
[White "Martell, Jose"]
[Black "Brodie, Hugh"]
[Result "1/2-1/2"]
[WhiteElo "1925"]
[BlackElo "1825"]
[PlyCount "117"]
[EventDate "1978.05.27"]
[EventType "swiss"]
[EventRounds "6"]
[EventCountry "USA"]

1. e4 c5 2. b4 cxb4 3. a3 d5 4. exd5 Qxd5 5. Nf3 Nf6 6. axb4 Bg4 7. Nc3 Qd8 8.
h3 Bh5 9. Be2 e6 10. b5 Be7 11. O-O O-O 12. Re1 Nbd7 13. d4 Qc7 14. Ba3 Nb6 15.
Ne5 Bxe2 16. Nxe2 a6 17. Qd3 Bxa3 18. Rxa3 axb5 19. Rc3 Nc4 20. Nxc4 bxc4 21.
Rxc4 Qd6 22. Rb1 Ra3 23. Rc3 Rfa8 24. Rxa3 Rxa3 25. Qb5 Ra7 26. c4 Kf8 27. Nc3
Nd7 28. Qg5 Qe7 29. Qf4 e5 30. Qe4 exd4 31. Qxd4 b6 32. Nd5 Qd6 33. Qh4 Nf6 34.
Nxf6 gxf6 35. Qxh7 Qd2 36. Kf1 Ra2 37. Qh8+ Ke7 38. Re1+ Kd7 39. Qe8+ Kd6 40.
Qe7+ Kc6 41. Qxf6+ Kc5 42. Qe5+ Kxc4 43. Re4+ Kb3 44. Qb5+ Kc2 45. Qc4+ Kb2 46.
Qb5+ Kc1 47. Rc4+ Rc2 48. Rxc2+ Qxc2 49. Qg5+ Qd2 50. Qe3 Qxe3 51. fxe3 b5 52.
h4 b4 53. h5 b3 54. h6 b2 55. h7 b1=Q 56. h8=Q Kd2+ 57. Kf2 Qe1+ 58. Kf3 Qxe3+
59. Kg4 1/2-1/2

[Event "Golden State Class ch"]
[Site "Los Angeles USA"]
[Date "1978.05.27"]
[Round "2"]
[White "Brodie, Hugh"]
[Black "Nezhni, Larry"]
[Result "0-1"]
[WhiteElo "1825"]
[BlackElo "1975"]
[PlyCount "86"]
[EventDate "1978.05.27"]
[EventType "swiss"]
[EventRounds "6"]
[EventCountry "USA"]

1. Nf3 Nf6 2. g3 g6 3. b4 Bg7 4. Bb2 O-O 5. c4 c6 6. Bg2 d5 7. cxd5 cxd5 8. O-O
Bf5 9. d3 Qb6 10. Qd2 Nc6 11. a3 Rfd8 12. Nc3 e5 13. Rac1 Re8 14. Nh4 Be6 15.
Na4 Qd8 16. Nc5 Bc8 17. Rc2 Qe7 18. Rfc1 Qf8 19. b5 Bh6 20. e3 Nd4 21. Bxd4
exd4 22. f4 dxe3 23. Qe2 Bg4 24. Bf3 Bxf3 25. Qxf3 Rac8 26. Nxb7 Rxc2 27. Rxc2
Qxa3 28. Qe2 d4 29. Nf3 Nd5 30. Kg2 Nc3 31. Qe1 Bg7 32. Qc1 Nxb5 33. Qxa3 Nxa3
34. Ra2 Nb5 35. Ra5 a6 36. Rxa6 Bf8 37. Na5 e2 38. Kf2 Bb4 39. Ne1 Nc3 40. Nc6
Nd1+ 41. Kf3 Bxe1 42. Nxd4 Bc3 43. Nxe2 Re3+ 0-1

[Event "Golden State Class ch"]
[Site "Los Angeles USA"]
[Date "1978.05.28"]
[Round "3"]
[White "Brodie, Hugh"]
[Black "Campbell, Robert"]
[Result "0-1"]
[WhiteElo "1825"]
[BlackElo "1906"]
[PlyCount "88"]
[EventDate "1978.05.27"]
[EventType "swiss"]
[EventRounds "6"]
[EventCountry "USA"]

1. e4 e6 2. d3 d5 3. Nd2 dxe4 4. dxe4 e5 5. Ngf3 Bc5 6. Bc4 Qe7 7. O-O Bg4 8.
h3 Bh5 9. Qe2 Nd7 10. Rd1 Ngf6 11. Nf1 Bg6 12. Ng3 Nh5 13. Nxh5 Bxh5 14. Be3 h6
15. c3 Nb6 16. Bb3 Bxe3 17. Qxe3 O-O 18. Rd2 Rad8 19. Rad1 Rxd2 20. Rxd2 Nd7
21. g4 Bg6 22. Kg2 Nc5 23. Bc2 b6 24. b4 Nb7 25. Bb3 Nd6 26. g5 Nxe4 27. gxh6
Nxd2 28. Nxd2 e4 29. Qg3 Kh7 30. hxg7 Rg8 31. Nc4 Rxg7 32. Qf4 Bh5+ 33. Kh2 Qg5
34. Qxg5 Rxg5 35. Nd2 Bf3 36. Nxf3 exf3 37. Bxf7 Rg2+ 38. Kh1 Rxf2 39. Be6 Kg6
40. Bd7 Kg5 41. Bc6 Kf4 42. Kg1 Kg3 43. Bb5 Rxa2 44. Bf1 f2+ 0-1